| 000 | 00627nam a2200157 a 4500 | ||
|---|---|---|---|
| 001 | 000039063 | ||
| 005 | 20250607073643.0 | ||
| 008 | 130517s1996 dr a 000 0 spa d | ||
| 040 |
_aDO-SdBNP _bspa _cBNPHU |
||
| 245 | 0 | 3 |
_aLa situación de salud de República Dominicana 1996 / _cOrganización Panamericana de la Salud. |
| 260 |
_aSanto Domingo : _bSESPAS , _c1996. |
||
| 300 |
_a1 v. p. : _bil. ; _c24 cm. |
||
| 504 | _aIncluye notas al pie de las páginas | ||
| 710 | 1 |
_aRepública Dominicana. _b Secretaria de Estado de Salud Pública y Asistencia Social (2001) _956549 |
|
| 710 | 1 |
_aOrganización Panamericana de la Salud _91055 |
|
| 999 |
_c38553 _d38553 |
||